00827nam a2200217 a 450000100100000000500170001000800410002702000140006804000250008208200170010710000630012424500910018726000530027830000230033153400290035458600340038370000450041704900090046295201210047199900170059200002435620200930022936.0110126s1984 mx r 000 0 spa d a684583427 aDO-SdBNPbspacBNPHU axxxxxbS193e1 aSamuelson, Paul A.q(Paul Anthony Samuelson),d1915-9555110aEconomía con sinceridad /cPaul Samuelson ; traducción Margarita Álvarez Franco. aMéxico, D. F. :bLasser Press Mexicana,c1984. a273 p. ;c20.5 cm. aEconomics from the heart aPremio Nóbel de Economía.1 aÁlvarez Franco, Margarita,etr.912553 aBNGR 001054708MOaGRbGRcCTd2011-01-26iLF1l0oxxxxx S193ep24356-10r2020-06-25w2020-06-25y4ZPréstamo en sala c23849d23849